International valuation glossary (Record no. 84135)

MARC details
000 -LEADER
fixed length control field 00835cad a22001935a 4500
001 - CONTROL NUMBER
control field L156741
008 - FIXED-LENGTH DATA ELEMENTS--GENERAL INFORMATION
fixed length control field 120706s2012 xxk 000 0 eng d
035 ## - SYSTEM CONTROL NUMBER
System control number (Sirsi) u156741
041 0# - LANGUAGE CODE
Language code of text/sound track or separate title eng
110 2# - MAIN ENTRY--CORPORATE NAME
Corporate name or jurisdiction name as entry element International Valuation Standards Council
9 (RLIN) 5828
245 00 - TITLE STATEMENT
Title International valuation glossary
Medium [electronic resource]
260 ## - PUBLICATION, DISTRIBUTION, ETC.
Place of publication, distribution, etc. London
Name of publisher, distributor, etc. IVSC
Date of publication, distribution, etc. 2012
520 ## - SUMMARY, ETC.
Summary, etc. Produced to help consistency in the usage of words and terms that are common in valuation assignments of different types, the definitions are those recommended by the International Valuation Standards Council (IVSC) and in many cases are extracted from IVSC's publications.
590 ## - LOCAL NOTE (RLIN)
Local note NTK KA
651 #4 - SUBJECT ADDED ENTRY--GEOGRAPHIC NAME
Geographic name International
690 ## - LOCAL SUBJECT ADDED ENTRY--TOPICAL TERM (OCLC, RLIN)
Topical term or geographic name as entry element Valuation
9 (RLIN) 6273
856 40 - ELECTRONIC LOCATION AND ACCESS
Uniform Resource Identifier <a href="https://www.ivsc.org/~ivscorg/glossary">https://www.ivsc.org/~ivscorg/glossary</a>
Public note View the glossary at www.ivsc.org
942 ## - ADDED ENTRY ELEMENTS (KOHA)
Suppress in OPAC 0
Holdings
Withdrawn status Lost status Source of classification or shelving scheme Damaged status Not for loan Home library Current library Shelving location Date acquired Total Checkouts Full call number Barcode Date last seen Copy number Price effective from Koha item type
    Dewey Decimal Classification     Virtual Virtual Online 06/07/2012   ONLINE PUBLICATION 156741-2001 06/08/2019 1 06/08/2019 Journal article